[Event "World Rapid 2015"]
[Site "Berlin GER"]
[Date "2015.10.11"]
[Round "7.64"]
[White "Maze, Sebastien"]
[Black "Gutov, Andrey"]
[Result "1-0"]
[WhiteElo "2582"]
[BlackElo "2384"]
[PlyCount "81"]
[EventDate "2015.10.10"]
[EventType "rapid"]

1. e4 e5 2. Nf3 Nc6 3. Bb5 a6 4. Ba4 Nf6 5. d3 d6 6. c4 Bg4 7. Nc3 Nd7 8. Bxc6
bxc6 9. h3 Bxf3 10. Qxf3 Be7 11. O-O Nc5 12. Qg3 Ne6 13. Ne2 Bh4 14. Qh2 Bg5
15. g3 Bxc1 16. Raxc1 O-O 17. f4 exf4 18. gxf4 f5 19. Qg3 Qb8 20. exf5 Rxf5 21.
Qg4 Rf6 22. f5 Qxb2 23. Kh1 Raf8 24. Ng3 Nc5 25. Rce1 Nxd3 26. Re2 Qb6 27. Ne4
Rg6 28. fxg6 Rxf1+ 29. Kh2 hxg6 30. Nf6+ Rxf6 31. Re8+ Rf8 32. Qe6+ Kh7 33.
Rxf8 Qb2+ 34. Kg3 Qe5+ 35. Qxe5 Nxe5 36. c5 Nd3 37. cxd6 cxd6 38. Ra8 c5 39.
Rxa6 Nb4 40. Ra8 c4 41. Ra4 1-0

[Event "World Rapid 2015"]
[Site "Berlin GER"]
[Date "2015.10.11"]
[Round "7.65"]
[White "Jumabayev, Rinat"]
[Black "Abel, Dennes"]
[Result "1-0"]
[WhiteElo "2606"]
[BlackElo "2441"]
[PlyCount "103"]
[EventDate "2015.10.10"]
[EventType "rapid"]

1. d4 d5 2. c4 c6 3. Nf3 Nf6 4. Qb3 dxc4 5. Qxc4 Bg4 6. Qb3 Qb6 7. Nbd2 Nbd7 8.
Nc4 Qxb3 9. axb3 Nd5 10. Bd2 Bf5 11. Nh4 Bc2 12. Na5 O-O-O 13. Rc1 Bg6 14. Nxg6
hxg6 15. e4 Nc7 16. Bc3 e6 17. f3 Bd6 18. Nc4 Bxh2 19. Rxh2 Rxh2 20. Nd6+ Kb8
21. Nxf7 Rf8 22. Nd6 a6 23. Bb4 Rg8 24. Bd2 Rh1 25. Bf4 e5 26. dxe5 Ne6 27. Bg3
g5 28. Rd1 Kc7 29. Nxb7 Rb8 30. Na5 Rb5 31. Nxc6 Rxb3 32. Nd4 Rb6 33. Nxe6+
Rxe6 34. Kf2 Kd8 35. Rd2 Ke7 36. Bc4 Rc6 37. b3 Rc1 38. Ke2 Nc5 39. Bf2 Ne6 40.
g3 a5 41. Ra2 R1xc4 42. bxc4 Rxc4 43. Rxa5 g4 44. Kd3 Rb4 45. f4 Rb3+ 46. Kc4
Rf3 47. Be1 Re3 48. Bb4+ Kf7 49. Ra7+ Kg8 50. Kd5 Nd8 51. Ra3 Re2 52. Ra8 1-0

[Event "World Rapid 2015"]
[Site "Berlin GER"]
[Date "2015.10.11"]
[Round "7.66"]
[White "Krnan, Tomas"]
[Black "Rasmussen, Allan Stig"]
[Result "1-0"]
[WhiteElo "2440"]
[BlackElo "2498"]
[PlyCount "113"]
[EventDate "2015.10.10"]
[EventType "rapid"]

1. e4 c6 2. d4 d5 3. Nc3 dxe4 4. Nxe4 Nd7 5. Nf3 Ngf6 6. Nxf6+ Nxf6 7. g3 Bf5
8. Bg2 e6 9. O-O Be7 10. c4 O-O 11. b3 Qb6 12. Bb2 Rfd8 13. Qe2 a5 14. c5 Qa6
15. Qxa6 Rxa6 16. Rfc1 Nd5 17. Bf1 Ra7 18. a3 Bf6 19. Ne5 Ne7 20. Nc4 Bg6 21.
Ne5 Be4 22. b4 Nf5 23. f4 Nxd4 24. Rd1 Nc2 25. Rxd8+ Bxd8 26. Rd1 Bd5 27. Bd3
Ne3 28. Re1 Nf5 29. Nc4 axb4 30. axb4 Ne7 31. Nd6 Bc7 32. b5 Ra2 33. Re2 b6 34.
Ne8 Bd8 35. Bxg7 Rxe2 36. Bxe2 bxc5 37. Bc3 Nf5 38. b6 Bxb6 39. Nf6+ Kf8 40.
Nd7+ Ke7 41. Nxb6 Nd4 42. Bxd4 cxd4 43. Nxd5+ exd5 44. Bd3 h6 45. Kf2 c5 46.
Ke2 c4 47. Bf5 Kd6 48. g4 d3+ 49. Ke3 Kc5 50. h4 Kb4 51. Bxd3 cxd3 52. Kxd3 Kc5
53. h5 Kd6 54. g5 Ke7 55. Kd4 f6 56. g6 Ke6 57. f5+ 1-0

[Event "World Rapid 2015"]
[Site "Berlin GER"]
[Date "2015.10.11"]
[Round "7.67"]
[White "Olafsson, Helgi"]
[Black "Meister, Jakob"]
[Result "1/2-1/2"]
[WhiteElo "2549"]
[BlackElo "2437"]
[PlyCount "122"]
[EventDate "2015.10.10"]
[EventType "rapid"]

1. c4 e6 2. Nf3 d5 3. d4 dxc4 4. Qa4+ Nd7 5. g3 a6 6. Qxc4 c5 7. Bg2 b5 8. Qc2
Bb7 9. dxc5 Bxc5 10. O-O Ngf6 11. Nc3 Rc8 12. Qd3 Nb6 13. Qxd8+ Rxd8 14. Ne5
Bxg2 15. Kxg2 Nfd7 16. Nd3 Bd4 17. Ne4 Ne5 18. Nf4 Nbc4 19. Rb1 Nd6 20. Nxd6+
Rxd6 21. b3 b4 22. a3 a5 23. axb4 axb4 24. Bd2 Bc3 25. Bxc3 bxc3 26. Rfc1 Rc6
27. b4 Ke7 28. b5 Rc5 29. b6 g5 30. Nh3 h6 31. Rb3 Rb8 32. f4 Nd7 33. Rbxc3
Rxc3 34. Rxc3 f6 35. Nf2 Rxb6 36. Rc7 Ra6 37. Ng4 Kd6 38. Rc8 gxf4 39. gxf4 h5
40. Nf2 Ra4 41. Kf3 f5 42. Nd3 Ra3 43. Kg3 Nf6 44. Rc2 Ra8 45. Kh4 Rg8 46. h3
Nd5 47. Ra2 Ne3 48. Ra6+ Ke7 49. Ne1 Kf6 50. Ra3 Ng2+ 51. Nxg2 Rxg2 52. e3 Rg8
53. Ra7 Rh8 54. Ra1 Rc8 55. Ra3 Rc7 56. Rd3 Rc8 57. Ra3 Rb8 58. Ra5 Rc8 59. Re5
Rb8 60. Ra5 Rc8 61. Ra3 Rb8 1/2-1/2

[Event "World Rapid 2015"]
[Site "Berlin GER"]
[Date "2015.10.11"]
[Round "7.68"]
[White "Carow, Johannes"]
[Black "Papin, Vasily"]
[Result "0-1"]
[WhiteElo "2431"]
[BlackElo "2502"]
[PlyCount "130"]
[EventDate "2015.10.10"]
[EventType "rapid"]

1. d4 Nf6 2. c4 e6 3. Nc3 Bb4 4. Qc2 c5 5. dxc5 Qc7 6. Nf3 a6 7. g3 Bxc5 8. Bf4
d6 9. Bg2 Nbd7 10. O-O e5 11. Bg5 h6 12. Bxf6 Nxf6 13. Nd2 O-O 14. Nde4 Nxe4
15. Nxe4 Ba7 16. Qd3 Rd8 17. Rfd1 Be6 18. Rac1 f5 19. Nc3 e4 20. Nd5 Qc5 21.
Qe3 Qxe3 22. Nxe3 Bxe3 23. fxe3 Rac8 24. g4 g6 25. b3 Kf7 26. Rf1 Ke7 27. gxf5
gxf5 28. Rf4 b5 29. Bh3 Rg8+ 30. Kf2 Rg5 31. Rh4 h5 32. Rf4 bxc4 33. bxc4 Kf6
34. Rb1 Ke5 35. Rb6 Bxc4 36. Ke1 Rc5 37. a4 Ra5 38. Rb4 Be6 39. Kf2 Bd5 40. Rb8
Rxa4 41. Rh8 Ra1 42. Bf1 Bf7 43. Rf8 Kf6 44. Bh3 Ra5 45. Rd8 Ke7 46. Ra8 Bc4
47. Bf1 Rg4 48. Rxg4 fxg4 49. h3 Rf5+ 50. Kg1 g3 51. Rh8 Rf2 52. Rh7+ Kd8 53.
Rxh5 Bxe2 54. Bxe2 Rxe2 55. Ra5 Rxe3 56. Rxa6 Ke7 57. Kg2 d5 58. h4 d4 59. Ra4
d3 60. Rd4 Kf6 61. h5 Kg5 62. Rd5+ Kg4 63. h6 Re2+ 64. Kg1 Rh2 65. Re5 Kf4 0-1

[Event "World Rapid 2015"]
[Site "Berlin GER"]
[Date "2015.10.11"]
[Round "7.69"]
[White "Polzin, Rainer"]
[Black "Al-Sayed, Mohammed"]
[Result "0-1"]
[WhiteElo "2416"]
[BlackElo "2520"]
[PlyCount "74"]
[EventDate "2015.10.10"]
[EventType "rapid"]

1. e4 c5 2. Nf3 d6 3. d4 cxd4 4. Nxd4 Nf6 5. Nc3 a6 6. h3 e6 7. g4 Nfd7 8. Bg2
Be7 9. Be3 Nc6 10. Qe2 Nxd4 11. Bxd4 O-O 12. O-O b5 13. e5 d5 14. f4 b4 15. Na4
a5 16. Qe3 Ba6 17. Rf3 Rc8 18. c3 bxc3 19. Nxc3 Bc5 20. Bxc5 Nxc5 21. Rd1 Qb6
22. f5 Nd7 23. Rd4 Qc7 24. fxe6 fxe6 25. Rxf8+ Rxf8 26. Rd1 Qb8 27. b3 Qb4 28.
Na4 Rc8 29. Bf1 Bxf1 30. Rxf1 h6 31. g5 hxg5 32. Qa7 Nxe5 33. Qe3 Qe4 34. Qxe4
dxe4 35. Kg2 Nd3 36. Kg3 Rc2 37. Nb6 e3 0-1

[Event "World Rapid 2015"]
[Site "Berlin GER"]
[Date "2015.10.11"]
[Round "7.70"]
[White "Handke, Florian"]
[Black "Valdes Romero, Leonardo"]
[Result "1-0"]
[WhiteElo "2531"]
[BlackElo "2362"]
[PlyCount "107"]
[EventDate "2015.10.10"]
[EventType "rapid"]

1. d4 Nf6 2. Nf3 d6 3. c4 Nbd7 4. Nc3 e5 5. e4 Be7 6. Be2 O-O 7. O-O c6 8. Re1
a6 9. a3 b5 10. h3 Re8 11. Be3 Bb7 12. Qc2 Bf8 13. d5 cxd5 14. cxd5 Rc8 15. Nd2
Nc5 16. Qd1 Nfd7 17. b4 Nd3 18. Bxd3 Rxc3 19. Nb1 Rc8 20. a4 bxa4 21. Rxa4 Nb6
22. Ra2 Nc4 23. Bc1 Rc7 24. Qe2 Qc8 25. Rc2 Nb6 26. Rxc7 Qxc7 27. Be3 Ra8 28.
Rc1 Qd8 29. Nd2 f5 30. Nb3 fxe4 31. Bxe4 Rc8 32. Rxc8 Bxc8 33. Qc2 Bb7 34. Na5
Ba8 35. Nc6 Qc7 36. Bxh7+ Kh8 37. Be4 Nd7 38. Bg5 Nf6 39. Bxf6 gxf6 40. Qe2 Qf7
41. Qg4 Bb7 42. Bg6 Qg7 43. Qh4+ Kg8 44. Bf5 Qh6 45. Be6+ Kg7 46. Qc4 Qd2 47.
g3 f5 48. Bxf5 Kf6 49. Be4 Bc8 50. Kg2 Bh6 51. Qd3 Qc1 52. Qf3+ Kg7 53. Ne7 Qd2
54. Nxc8 1-0

[Event "World Rapid 2015"]
[Site "Berlin GER"]
[Date "2015.10.11"]
[Round "7.71"]
[White "Richter, Michael"]
[Black "Carstensen, Jacob"]
[Result "0-1"]
[WhiteElo "2517"]
[BlackElo "2352"]
[PlyCount "46"]
[EventDate "2015.10.10"]
[EventType "rapid"]

1. d4 d5 2. c4 e6 3. Nc3 c6 4. e4 dxe4 5. Nxe4 Bb4+ 6. Bd2 Qxd4 7. Bxb4 Qxe4+
8. Ne2 Na6 9. Bf8 Qe5 10. Qd2 Bd7 11. Bd6 Qf6 12. O-O-O Rd8 13. Ng3 Bc8 14. Qe3
Nh6 15. Be2 Nf5 16. Nxf5 Qxf5 17. g4 Qa5 18. Kb1 f6 19. f4 Kf7 20. g5 Nb4 21.
a3 Qf5+ 22. Bd3 Nxd3 23. Qxd3 Rxd6 0-1

[Event "World Rapid 2015"]
[Site "Berlin GER"]
[Date "2015.10.11"]
[Round "7.72"]
[White "Ladva, Ottomar"]
[Black "Lagunow, Raphael"]
[Result "1-0"]
[WhiteElo "2423"]
[BlackElo "2164"]
[PlyCount "91"]
[EventDate "2015.10.10"]
[EventType "rapid"]

1. Nf3 c5 2. e4 Nc6 3. Nc3 g6 4. d4 cxd4 5. Nxd4 Bg7 6. Be3 Nf6 7. Bc4 O-O 8.
Bb3 a5 9. O-O a4 10. Nxa4 Nxe4 11. Nb5 Ra6 12. c4 d6 13. Qe2 Nf6 14. Rfd1 Bd7
15. a3 Qb8 16. c5 d5 17. Nb6 e6 18. Bc2 Be8 19. Bd3 e5 20. Rac1 h6 21. Nd6 Rxb6
22. Nxe8 Rxe8 23. cxb6 d4 24. Bd2 e4 25. Bb5 d3 26. Qe3 Re6 27. Qg3 Qxg3 28.
hxg3 Nd5 29. Bxc6 bxc6 30. a4 Nxb6 31. a5 Nc8 32. Bc3 Bxc3 33. Rxc3 Kf8 34. Rb3
Na7 35. Rb7 Re7 36. Rxe7 Kxe7 37. f3 f5 38. fxe4 fxe4 39. Re1 Kd6 40. Rxe4 Kd5
41. Re7 Nb5 42. Kf2 Kd6 43. Re3 Kc5 44. Rxd3 Kb4 45. a6 Ka5 46. Rd6 1-0

[Event "World Rapid 2015"]
[Site "Berlin GER"]
[Date "2015.10.11"]
[Round "7.74"]
[White "Zepeda, Lorena"]
[Black "Breutigam, Martin"]
[Result "0-1"]
[WhiteElo "2106"]
[BlackElo "2380"]
[PlyCount "96"]
[EventDate "2015.10.10"]
[EventType "rapid"]

1. e4 c5 2. Nf3 e6 3. d4 cxd4 4. Nxd4 Nc6 5. c4 Nf6 6. Nc3 Bb4 7. Nxc6 dxc6 8.
Qxd8+ Kxd8 9. Bg5 e5 10. O-O-O+ Kc7 11. f3 Be6 12. Kc2 h6 13. Bh4 Nd7 14. a3
Bc5 15. Bg3 f6 16. Nb1 a5 17. a4 g5 18. Be2 Rhg8 19. h3 h5 20. Nd2 h4 21. Bh2
Rgd8 22. Nb3 Be3 23. Rd3 Bf4 24. Bg1 b6 25. Bf2 c5 26. Rhd1 Re8 27. Rd6 Nb8 28.
Na1 Nc6 29. R6d2 Bxd2 30. Rxd2 Rad8 31. Rxd8 Rxd8 32. Nb3 Nb4+ 33. Kc3 Bd7 34.
Nc1 Bxa4 35. b3 Be8 36. Be3 a4 37. bxa4 Bxa4 38. Bf2 Bd1 39. Bd3 Ra8 40. Bb1
Ra3+ 41. Kb2 Ra5 42. Nb3 Bxb3 43. Kxb3 Ra1 44. Kb2 Ra8 45. g3 hxg3 46. Bxg3 Rh8
47. h4 gxh4 48. Bh2 Rg8 0-1

[Event "World Rapid 2015"]
[Site "Berlin GER"]
[Date "2015.10.11"]
[Round "7.75"]
[White "Petursson, Margeir"]
[Black "Choukri, Adel"]
[Result "1-0"]
[WhiteElo "2520"]
[BlackElo "2199"]
[PlyCount "71"]
[EventDate "2015.10.10"]
[EventType "rapid"]

1. c4 c5 2. Nf3 Nc6 3. g3 e5 4. Nc3 g6 5. Bg2 Bg7 6. O-O Nge7 7. a3 O-O 8. b4
cxb4 9. axb4 Nxb4 10. Ba3 Nec6 11. Rb1 a5 12. Nd5 Nxd5 13. Bxf8 Qxf8 14. cxd5
Nb4 15. d4 e4 16. Ne5 Nxd5 17. Qb3 Nf6 18. Rfc1 a4 19. Qb5 a3 20. e3 d6 21. Nc4
Be6 22. Nb6 a2 23. Ra1 Ra6 24. Bf1 d5 25. Qb2 Qa3 26. Rc2 Ra5 27. Rxa2 Qxa2 28.
Qxa2 Rxa2 29. Rxa2 Nd7 30. Rb2 Nxb6 31. Rxb6 Bc8 32. Bb5 Bf8 33. Ba4 Be7 34.
Bb3 Be6 35. Rxb7 Ba3 36. Rb5 1-0

[Event "World Rapid 2015"]
[Site "Berlin GER"]
[Date "2015.10.11"]
[Round "7.76"]
[White "Thornton, Giovanni Antonio"]
[Black "Hilverda, Alexander"]
[Result "1-0"]
[WhiteElo "2207"]
[BlackElo "2384"]
[PlyCount "65"]
[EventDate "2015.10.10"]
[EventType "rapid"]

1. c4 e5 2. Nc3 Nf6 3. g3 Bb4 4. Bg2 O-O 5. Nf3 Re8 6. O-O c6 7. d3 h6 8. Qb3
Bf8 9. Qc2 d5 10. Rb1 d4 11. Na4 c5 12. Bd2 Nc6 13. a3 a5 14. e4 dxe3 15. Bxe3
Nd4 16. Nxd4 cxd4 17. Bd2 Qc7 18. f4 Ng4 19. Rbe1 Ne3 20. Rxe3 dxe3 21. Bxe3
exf4 22. Bxf4 Bd6 23. Bd2 Bg4 24. Nc3 Bc5+ 25. Kh1 Qd7 26. Ne4 Bf8 27. Nf2 Bf5
28. Bc3 Rad8 29. Ne4 a4 30. Qf2 Bxe4 31. Bxe4 Bd6 32. Bd5 Rf8 33. Qd4 1-0

[Event "World Rapid 2015"]
[Site "Berlin GER"]
[Date "2015.10.11"]
[Round "7.77"]
[White "Camacho Collados, Jose"]
[Black "Cordeiro, Marco Aurelio Zaror"]
[Result "1/2-1/2"]
[WhiteElo "2383"]
[BlackElo "2228"]
[PlyCount "108"]
[EventDate "2015.10.10"]
[EventType "rapid"]

1. Nf3 Nf6 2. g3 g6 3. Bg2 Bg7 4. d4 O-O 5. O-O d6 6. a4 Nbd7 7. a5 c5 8. a6
Qc7 9. Nc3 cxd4 10. Nxd4 Nc5 11. Bg5 Qb6 12. Bxf6 exf6 13. Nd5 Qd8 14. Nb4 f5
15. c3 Ne4 16. Nb5 Qb6 17. Qd5 Rb8 18. Bxe4 Be6 19. Qxd6 Qxb5 20. Bd3 Qb6 21.
Qxb6 axb6 22. a7 Ra8 23. e4 Rfc8 24. exf5 gxf5 25. Be2 Rc5 26. Nd3 Ra5 27. Rxa5
bxa5 28. Nf4 Rxa7 29. Nxe6 fxe6 30. Bc4 Kf7 31. Re1 b5 32. Bxe6+ Kf6 33. Bb3
Re7 34. Rxe7 Kxe7 35. Bc2 Ke6 36. f3 b4 37. cxb4 axb4 38. b3 Bd4+ 39. Kf1 h5
40. Kg2 Be3 41. Kh3 Kf6 42. Kh4 Bg1 43. Kh3 Be3 44. Bd3 Kg5 45. Bc4 f4 46. Bf7
Bd2 47. Be8 Be3 48. Bf7 Bd2 49. Kg2 fxg3 50. hxg3 h4 51. f4+ Kf6 52. Bd5 hxg3
53. Kxg3 Kf5 54. Kf3 Bxf4 1/2-1/2

[Event "World Rapid 2015"]
[Site "Berlin GER"]
[Date "2015.10.11"]
[Round "7.78"]
[White "Carlstedt, Jonathan"]
[Black "Thiede, Lars"]
[Result "1/2-1/2"]
[WhiteElo "2442"]
[BlackElo "2437"]
[PlyCount "150"]
[EventDate "2015.10.10"]
[EventType "rapid"]

1. c4 Nf6 2. g3 g6 3. Bg2 Bg7 4. Nc3 O-O 5. b3 e5 6. e3 Re8 7. Nge2 c6 8. d4 e4
9. d5 d6 10. O-O c5 11. h3 h5 12. Bb2 Bf5 13. Nf4 Na6 14. a3 b6 15. Rb1 Qd7 16.
Ba1 Nh7 17. h4 Nf6 18. Qc2 Qe7 19. Nb5 Nc7 20. Nc3 Reb8 21. b4 cxb4 22. axb4 b5
23. Nce2 bxc4 24. Nd4 Bd7 25. Qxc4 Nb5 26. Nc6 Bxc6 27. dxc6 Na3 28. Qd4 Ne8
29. Nd5 Bxd4 30. Nxe7+ Kf8 31. Bxd4 Kxe7 32. Rb3 Nb5 33. Bxe4 Nxd4 34. exd4 Nc7
35. Re1 Kf8 36. b5 Rxb5 37. Rxb5 Nxb5 38. Rb1 a6 39. Bg2 Ke7 40. d5 Kd8 41. f4
f5 42. Kf2 Nc7 43. Rb4 a5 44. Ra4 Nb5 45. Ke3 Kc7 46. Kd3 Kb6 47. Kc4 Re8 48.
Ra2 Re1 49. Rb2 Rc1+ 50. Kb3 Rc3+ 51. Ka2 Ra3+ 52. Kb1 Re3 53. Kc1 a4 54. Kd2
Rb3 55. Rxb3 axb3 56. Bf1 b2 57. Kc2 Nc3 58. Kxb2 Ne4 59. Bd3 Nxg3 60. Kc3 Nh1
61. Kd2 Nf2 62. Bc2 Ng4 63. Ke2 Nf6 64. Bb3 Ne8 65. Kd3 Kc5 66. Kc3 Nc7 67. Bc4
Kb6 68. Ba2 Ne8 69. Kd4 Nf6 70. Ke3 Ne4 71. Bb3 Nc5 72. Bc4 Ne4 73. Bb3 Nf6 74.
Ba2 Ne8 75. Kd4 Nf6 1/2-1/2

[Event "World Rapid 2015"]
[Site "Berlin GER"]
[Date "2015.10.11"]
[Round "7.79"]
[White "Ben Artzi, Ido"]
[Black "Osmanodja, Filiz"]
[Result "1-0"]
[WhiteElo "2419"]
[BlackElo "2291"]
[PlyCount "130"]
[EventDate "2015.10.10"]
[EventType "rapid"]

1. d4 Nf6 2. c4 e6 3. Nc3 Bb4 4. e3 O-O 5. Bd3 c5 6. Nf3 d5 7. O-O Nc6 8. cxd5
exd5 9. dxc5 Bxc5 10. h3 b6 11. b3 Bb7 12. Ne2 Rc8 13. Bb2 Re8 14. Rc1 a5 15.
Bb1 Qd6 16. Ned4 Ba6 17. Bd3 Bxd3 18. Qxd3 Ne5 19. Nxe5 Qxe5 20. Rc2 Bd6 21. f4
Qe4 22. Qxe4 dxe4 23. Rxc8 Rxc8 24. Nf5 Bf8 25. Bxf6 gxf6 26. Rd1 h5 27. Rd4
Re8 28. a4 Bc5 29. Rd7 Kh7 30. Kf2 Kg6 31. Nh4+ Kg7 32. Rd5 Kh6 33. Nf5+ Kg6
34. Ng3 h4 35. Nf5 Rh8 36. g3 hxg3+ 37. Kxg3 Rh5 38. Nh4+ Kh6 39. Rxh5+ Kxh5
40. Nf5 Bb4 41. h4 Be1+ 42. Kh3 Bf2 43. Kg2 Bxh4 44. Nd6 f5 45. Nxf5 Be1 46.
Nd6 Bd2 47. Kf2 Kg6 48. f5+ Kh5 49. Nxe4 Bb4 50. Kf3 Be1 51. Kf4 Kh6 52. Nd6
Kg7 53. Nc4 Bb4 54. Nxb6 Bd6+ 55. Ke4 Kf6 56. Nd5+ Kg5 57. Nc3 Bb4 58. Ne2 Bd6
59. Nd4 Kg4 60. Kd5 Bb4 61. e4 Kf4 62. e5 Kg5 63. e6 Kf6 64. Nc6 fxe6+ 65. fxe6
Bd2 1-0

[Event "World Rapid 2015"]
[Site "Berlin GER"]
[Date "2015.10.11"]
[Round "8.27"]
[White "Petrosian, Tigran L"]
[Black "Almasi, Zoltan"]
[Result "1-0"]
[WhiteElo "2625"]
[BlackElo "2689"]
[PlyCount "55"]
[EventDate "2015.10.10"]
[EventType "rapid"]

1. Nf3 Nf6 2. g3 d5 3. Bg2 c6 4. c4 Bg4 5. Ne5 Be6 6. O-O Nbd7 7. cxd5 Bxd5 8.
Nf3 c5 9. Nc3 Bc6 10. d3 e6 11. e4 Be7 12. Qe2 O-O 13. d4 b5 14. Rd1 b4 15. d5
exd5 16. Nxd5 Nxd5 17. exd5 Bb7 18. Qb5 Nb6 19. d6 Bf6 20. Qxc5 a5 21. Be3 Na4
22. Qb5 Bxf3 23. Bxf3 Nxb2 24. Bxa8 Nxd1 25. Rxd1 Qxa8 26. d7 Rb8 27. Bb6 Bd8
28. Re1 1-0

[Event "World Rapid 2015"]
[Site "Berlin GER"]
[Date "2015.10.11"]
[Round "8.28"]
[White "Iturrizaga Bonelli, Eduardo"]
[Black "Sasikiran, Krishnan"]
[Result "1/2-1/2"]
[WhiteElo "2641"]
[BlackElo "2639"]
[PlyCount "34"]
[EventDate "2015.10.10"]
[EventType "rapid"]

1. Nf3 Nf6 2. c4 g6 3. Nc3 Bg7 4. g3 O-O 5. Bg2 c6 6. b3 d5 7. Bb2 Ne4 8. d4
Bf5 9. O-O Nxc3 10. Bxc3 Be4 11. e3 c5 12. Qe2 cxd4 13. exd4 Nc6 14. Rfd1 e6
15. Rac1 Bh6 16. Ra1 Bg7 17. Rac1 Bh6 1/2-1/2

[Event "World Rapid 2015"]
[Site "Berlin GER"]
[Date "2015.10.11"]
[Round "8.29"]
[White "Savchenko, Boris"]
[Black "Perunovic, Milos"]
[Result "1/2-1/2"]
[WhiteElo "2567"]
[BlackElo "2622"]
[PlyCount "133"]
[EventDate "2015.10.10"]
[EventType "rapid"]

1. e4 c5 2. Nf3 e6 3. c3 Nf6 4. e5 Nd5 5. d4 cxd4 6. cxd4 d6 7. Bc4 Be7 8. O-O
O-O 9. Qe2 b6 10. Bxd5 exd5 11. Re1 Nc6 12. Nc3 dxe5 13. dxe5 d4 14. Rd1 Bf5
15. Qb5 Rc8 16. Be3 Bd7 17. Nxd4 Nxd4 18. Qd3 Bg4 19. Bxd4 Bxd1 20. Rxd1 Bc5
21. Qe3 Qh4 22. g3 Qh5 23. Re1 Bxd4 24. Qxd4 Rfd8 25. Qa4 a5 26. Qb5 Re8 27.
Nd5 Rxe5 28. Ne7+ Rxe7 29. Qxh5 Rxe1+ 30. Kg2 g6 31. Qg5 Re6 32. g4 Kg7 33. Qd5
h6 34. h4 Rc5 35. Qd4+ Kh7 36. Qf4 Kg8 37. Qxh6 Rc2 38. Qg5 Rxb2 39. Qd8+ Kh7
40. Kg3 Rxa2 41. f3 Rae2 42. Qd3 R2e3 43. Qd4 a4 44. h5 gxh5 45. Qf4 Kg7 46.
Qg5+ Kf8 47. Qd8+ Re8 48. Qd6+ Kg8 49. gxh5 a3 50. Qxb6 a2 51. Qa5 R3e5 52. Qa4
R8e6 53. Qa8+ Kg7 54. Qxa2 Rxh5 55. Qa8 Rg6+ 56. Kf2 Rh2+ 57. Ke3 Rh3 58. Qa4
Rgg3 59. Qd4+ f6 60. Qd5 Kh6 61. Ke2 Rg2+ 62. Kf1 Rhh2 63. Qc6 Kg5 64. Qd5+ f5
65. Qg8+ Kf4 66. Qxg2 Rxg2 67. Kxg2 1/2-1/2

[Event "World Rapid 2015"]
[Site "Berlin GER"]
[Date "2015.10.11"]
[Round "8.30"]
[White "Bogdanovich, Stanislav"]
[Black "Bruzon Batista, Lazaro"]
[Result "1-0"]
[WhiteElo "2590"]
[BlackElo "2659"]
[PlyCount "129"]
[EventDate "2015.10.10"]
[EventType "rapid"]

1. Nf3 d5 2. c4 e6 3. b3 Nf6 4. Bb2 Be7 5. g3 O-O 6. Bg2 c5 7. O-O d4 8. e3 Nc6
9. exd4 cxd4 10. d3 Re8 11. Na3 e5 12. Nc2 a5 13. Re1 Bc5 14. Nd2 Bf5 15. Qe2
Qd7 16. f3 Rab8 17. Ne4 Nxe4 18. fxe4 Be6 19. a4 Ra8 20. Rf1 Nb8 21. Bc1 Na6
22. Bd2 b6 23. Rf2 Bf8 24. Ne1 Nc5 25. Qd1 g6 26. Qc2 Bg7 27. Nf3 f6 28. Raf1
Kh8 29. Nh4 Rf8 30. h3 Qe7 31. Bc1 Bd7 32. Kh2 Bc6 33. Qd1 Kg8 34. Bf3 Bd7 35.
Bg2 Bc6 36. Nf3 Qd6 37. h4 f5 38. exf5 gxf5 39. Ng5 Bxg2 40. Kxg2 h6 41. Nh3 e4
42. Rxf5 Rxf5 43. Rxf5 e3 44. Nf4 Rf8 45. Rd5 Qc6 46. Qg4 Rxf4 47. Qxf4 Nxd3
48. Qe4 Nb4 49. Rd8+ Kf7 50. Qxc6 Nxc6 51. Rd7+ Kg8 52. Rd6 Nb4 53. Kf3 Nc2 54.
Ke2 Nb4 55. Rxb6 Na2 56. Bxe3 dxe3 57. Kxe3 Nb4 58. Ke4 Bf8 59. Rb5 Nc6 60. Kd5
Nb4+ 61. Ke6 Nc6 62. Kd7 Nd4 63. Rxa5 Nxb3 64. Ra8 Kf7 65. a5 1-0

[Event "World Rapid 2015"]
[Site "Berlin GER"]
[Date "2015.10.11"]
[Round "8.31"]
[White "Fedoseev, Vladimir3"]
[Black "Motylev, Alexander"]
[Result "1-0"]
[WhiteElo "2659"]
[BlackElo "2649"]
[PlyCount "61"]
[EventDate "2015.10.10"]
[EventType "rapid"]

1. e4 c6 2. d3 d5 3. Nd2 g6 4. Ngf3 Bg7 5. g3 e5 6. Bg2 Ne7 7. O-O O-O 8. b3 a5
9. a4 Be6 10. Re1 d4 11. Nc4 Bxc4 12. bxc4 c5 13. h4 h6 14. Nh2 Nbc6 15. f4 f5
16. h5 Qd6 17. hxg6 Qxg6 18. g4 fxg4 19. f5 Qh7 20. Qxg4 h5 21. Qh3 Bh6 22. Bf3
Nb4 23. Re2 Kh8 24. Bxh5 Rg8+ 25. Ng4 Be3+ 26. Bxe3 dxe3 27. Kh1 Rg5 28. Rh2
Nxc2 29. Nxe5 Rf8 30. Bd1 Rg7 31. Bxc2 1-0

[Event "World Rapid 2015"]
[Site "Berlin GER"]
[Date "2015.10.11"]
[Round "8.32"]
[White "Navara, David"]
[Black "Agdestein, Simen"]
[Result "1/2-1/2"]
[WhiteElo "2734"]
[BlackElo "2606"]
[PlyCount "89"]
[EventDate "2015.10.10"]
[EventType "rapid"]

1. d4 f5 2. g3 Nf6 3. Bg2 e6 4. c4 c6 5. Qc2 d6 6. Nf3 e5 7. Nc3 e4 8. Ng1 Be6
9. Bg5 h6 10. Bxf6 Qxf6 11. Qb3 Nd7 12. Qxb7 Rb8 13. Qxa7 Rxb2 14. e3 Nc5 15.
Qa8+ Kf7 16. Nge2 Nd3+ 17. Kf1 c5 18. Nd5 Qg5 19. h4 Qg4 20. Ndf4 Bxc4 21. Kg1
Nxf2 22. Kxf2 Rxe2+ 23. Nxe2 Qxe2+ 24. Kg1 Qxe3+ 25. Kh2 Be7 26. Qxh8 f4 27.
gxf4 Qxf4+ 28. Kg1 Qe3+ 29. Kh2 Qf4+ 30. Kg1 Bf6 31. Rd1 Qe3+ 32. Kh2 Qf4+ 33.
Kg1 e3 34. Qa8 Qf2+ 35. Kh2 Qxh4+ 36. Kg1 Qf2+ 37. Kh2 Qf4+ 38. Kg1 e2 39. Bd5+
Bxd5 40. Qxd5+ Kf8 41. Qa8+ Kf7 42. Qd5+ Ke7 43. Qb7+ Kf8 44. Qb8+ Ke7 45. Qb7+
1/2-1/2

[Event "World Rapid 2015"]
[Site "Berlin GER"]
[Date "2015.10.11"]
[Round "8.33"]
[White "Vitiugov, Nikita"]
[Black "Nikolic, Predrag"]
[Result "1/2-1/2"]
[WhiteElo "2725"]
[BlackElo "2603"]
[PlyCount "143"]
[EventDate "2015.10.10"]
[EventType "rapid"]

1. d4 Nf6 2. Bg5 d5 3. e3 c6 4. Bd3 Nbd7 5. Nf3 Ne4 6. Bh4 Qb6 7. b3 Qa5+ 8. c3
e6 9. Qc2 f5 10. O-O Bd6 11. c4 O-O 12. a3 Ndf6 13. c5 Bb8 14. b4 Qd8 15. Nbd2
Qe8 16. Bxe4 fxe4 17. Ne5 Bxe5 18. dxe5 Ng4 19. Bg3 Qh5 20. Qc3 Nh6 21. Bf4 Nf5
22. f3 exf3 23. Rxf3 Bd7 24. Raf1 Rf7 25. h3 Nh4 26. R3f2 Ng6 27. Kh2 Raf8 28.
g4 Qh4 29. Nf3 Qd8 30. Ng5 Re7 31. Qc2 Be8 32. Bg3 Rxf2+ 33. Rxf2 h6 34. Nf3
Rf7 35. Nd4 Rxf2+ 36. Qxf2 Nf8 37. h4 Bg6 38. h5 Be4 39. Bh4 Qe8 40. Qf4 Nd7
41. Kg3 Nf8 42. Nb3 Nd7 43. Na5 Qc8 44. g5 b6 45. Nb3 hxg5 46. Qxg5 Qb8 47. Nd4
Qxe5+ 48. Qxe5 Nxe5 49. b5 bxc5 50. bxc6 Nc4 51. Nxe6 d4 52. c7 Bb7 53. Nxc5
Bc8 54. exd4 Nxa3 55. d5 Nb5 56. Bd8 Kf7 57. Kf4 Nd6 58. Ke5 Nc4+ 59. Kd4 Nd6
60. Nd3 Ke8 61. Kc5 Nb7+ 62. Kc6 Nxd8+ 63. cxd8=R+ Kxd8 64. Nc5 a5 65. Kd6 Ke8
66. Kc7 Bg4 67. d6 Kf7 68. Kb6 Kf6 69. Kxa5 Bxh5 70. Kb6 Bg4 71. Ne4+ Ke5 72.
Nf2 1/2-1/2

[Event "World Rapid 2015"]
[Site "Berlin GER"]
[Date "2015.10.11"]
[Round "8.34"]
[White "Kravtsiv, Martyn"]
[Black "Morozevich, Alexander"]
[Result "1/2-1/2"]
[WhiteElo "2621"]
[BlackElo "2711"]
[PlyCount "108"]
[EventDate "2015.10.10"]
[EventType "rapid"]

1. e4 c5 2. Nf3 e6 3. d4 cxd4 4. Nxd4 Nc6 5. Nc3 Qc7 6. Be2 a6 7. O-O Bc5 8.
Be3 d6 9. Qd2 Nf6 10. Rad1 Bd7 11. Nb3 Bxe3 12. Qxe3 O-O 13. Qd2 Ne8 14. f4 b5
15. Bf3 Rd8 16. Ne2 Bc8 17. Ned4 Nxd4 18. Nxd4 Nf6 19. c3 e5 20. Nc2 Bb7 21.
Rfe1 h6 22. Nb4 Rfe8 23. fxe5 Qc5+ 24. Qf2 Qxf2+ 25. Kxf2 Rxe5 26. Nd5 Nd7 27.
Nf4 Nc5 28. Nd3 Nxd3+ 29. Rxd3 Kf8 30. Rd4 Ke7 31. a4 Bc6 32. axb5 axb5 33.
Red1 h5 34. h3 h4 35. R1d2 Ba8 36. Re2 Rb8 37. Ke1 Rb6 38. Kd2 Bc6 39. Re1 Ra6
40. Rd1 Bd7 41. Ke3 Be6 42. R1d2 g5 43. Kf2 Ra4 44. Rxd6 b4 45. cxb4 Rxb4 46.
R6d4 Reb5 47. Rxb4 Rxb4 48. Rc2 Kd6 49. Ke3 Rb3+ 50. Kd4 Rb4+ 51. Ke3 Rb3+ 52.
Kd4 Rb4+ 53. Ke3 Rb3+ 54. Kd4 Bc8 1/2-1/2